000 00752nam a2200169 i 4500
001 67828
003 ES-MaACL
005 20230906170144.0
007 t|
008 040206s1973 sp ||||1| spa d
100 1 _aGallardo Prieto, O.
_953498
245 1 0 _aTécnicas y prácticas de taller /
_cpor O. Gallardo Prieto.
260 _aBarcelona, etc. :
_bCientífico Médica,
_c[1973]
300 _a5 v. :
_bil. ;
_c22 cm.
505 8 _aContiene: T. I: Elementos generales de técnicas y cálculos de taller. -- T. II: Ajuste. Montaje. -- T. III: Máquinas-herramientas y corte por revolución. -- T. IV: Máquinas-herramientas diversas y engranajes. -- T. V: Trabajo de los materiales en frío y en caliente
852 _aES-MaACL
_jC-55457-61
_bR.88045
999 _c67828
_d67828